| 000 | 01219nam a2200301 i 4500 | ||
|---|---|---|---|
| 003 | EG-ScBUE | ||
| 005 | 20240703114607.0 | ||
| 008 | 141029s2009 nyuo f b 001 0deng d | ||
| 020 | _a9780061836961 | ||
| 040 |
_aEG-ScBUE _beng _erda _cEG-ScBUE _dEG-ScBUE |
||
| 043 | _an-us--- | ||
| 082 | 0 | 4 |
_222 _a973.917 _bLEU |
| 100 | 1 |
_aLeuchtenburg, William E. _936368 _d1922- _q(William Edward), _eauthor. |
|
| 245 | 1 | 0 |
_aFranklin D. Roosevelt and the New Dea 1932-1940 / _cby William E. Leuchtenburg. |
| 246 | 3 | 4 |
_aFranklin D. Roosevelt and the New Dea 1932-1940 : _bthe best one-volume study of Franklin D. Roosevelt-Chicago Sun-Times 1932-1940 |
| 264 | 1 |
_aNew York, United States : _bHarper Perennial, _c2009. |
|
| 300 |
_axiv, 390 pages : _bphotographs ; _c21 cm |
||
| 336 |
_2rdacontent _atext _btxt |
||
| 337 |
_aunmediated _2rdamedia _bn |
||
| 338 |
_avolume _bnc _2rdacarrier |
||
| 504 | _aIncludes bibliographical references and index. | ||
| 600 | 1 | 7 |
_aRoosevelt, Franklin D. _q(Franklin Delano), _d1882-1945. _2BUEsh _936248 |
| 650 | 7 |
_aNew Deal, 1933-1939. _2BUEsh _936250 |
|
| 651 | 7 |
_aUnited States _xHistory _y1933-1945. _2BUEsh |
|
| 653 |
_bBUSBOL _cOctober2014 |
||
| 655 |
_vReading book _934232 |
||
| 942 |
_2ddc _cBB |
||
| 999 |
_c18516 _d18488 |
||